South American Countries by Largest Wild Animal - Statistics

General Stats
  • This quiz has been taken 104 times
  • The average score is 9 of 12
Answers on the Map
Answers color-coded by a green-red scale on the quiz's map according to % correct below.
 
Answer Stats
Hint Answer % Correct
Bolivia South American Tapir
90%
Brazil South American Tapir
90%
Colombia South American Tapir
90%
Ecuador South American Tapir
90%
Guyana South American Tapir
90%
Paraguay South American Tapir
90%
Peru South American Tapir
90%
Suriname South American Tapir
90%
Venezuela South American Tapir
90%
Chile Chacoan Guanaco
44%
Argentina Marsh Deer
43%
Uruguay Marsh Deer
43%
No matching quizzes found
Score Distribution
Percent of People with Each Score
Percentile by Number Answered
Your Score History
You have not taken this quiz